Výpočet reálných hodnot forwardů a opcí [3]

Pokračovanie z č. 6/2003. Komoditný forward - kúpa komodity, predaj komodity. Historická a implicitná volatilita. Kúpená kúpna úroková opcia. Predaná kúpna úroková opcia. Príklady. Pokračovanie v budúcom čísle.

Salvato in:
Dettagli Bibliografici
Autore principale: Jílek, Josef
Natura: Capitolo di libro
Lingua:ceco
Soggetti:
Tags: Aggiungi Tag
Nessun Tag, puoi essere il primo ad aggiungerne!!

MARC

LEADER 00000naa a2200000 4500
001 0003647
005 20230913090902.4
041 0 |a cze 
044 |a CZ 
245 1 0 |a Výpočet reálných hodnot forwardů a opcí [3]  |c Josef Jílek 
520 |a Pokračovanie z č. 6/2003. Komoditný forward - kúpa komodity, predaj komodity. Historická a implicitná volatilita. Kúpená kúpna úroková opcia. Predaná kúpna úroková opcia. Príklady. Pokračovanie v budúcom čísle. 
610 2 0 |a deriváty 
610 2 0 |a forwardy 
610 2 0 |a hodnota reálna 
610 2 0 |a volatilita 
610 2 0 |a hodnota 
610 2 0 |a pojmy 
610 2 0 |a miera úroková 
610 2 0 |a IAS 39 
610 2 0 |a účtovníctvo 
100 1 |a Jílek, Josef